000
00295nam a22001337a 4500
020
_a
9788131760697
082
_a
621.8 SIN
100
_a
Sadhu Singh
245
_a
Theory of Machines: kinematics and dynamics
250
_a
3rd.
260
_a
Delhi
_b
Pearson
_c
2013
300
_a
1370
942
_c
BK
999
_c
13110
_d
13110